| 000 | 00735cab a2200241 4500 | ||
|---|---|---|---|
| 001 | ABS37549 | ||
| 008 | 090401t1987 xxu||||| |||| 00| 0 eng d | ||
| 035 | _a(Sirsi) u5184 | ||
| 041 | _aeng | ||
| 100 | _aMehdi, N. | ||
| 245 | _aProperty performance measurement | ||
| 260 | _c1987 | ||
| 350 | _a0 | ||
| 490 |
_aValuer (ISVA) _v56(2) March 1987, 57(1) |
||
| 520 | _aConsiders statistics which can be used to calculate measures of property investment performance including rates of return , annual rental growth and risk . | ||
| 650 | _aEQUATED YIELD | ||
| 650 | _aINVESTMENT | ||
| 650 | _aPERFORMANCE MEASUREMENT | ||
| 650 | _aREDEMPTION YIELD | ||
| 690 | _aPROPERTY LAW AND PRACTICE | ||
| 942 | _n0 | ||
| 948 | _c04/03/1997 | ||
| 999 |
_c3099 _d3099 |
||